Score 0/14 Timer 04:00
1 Play Today
Question Answer % Correct
________ DickensCharles
98.9%
'Julius ________' by William ShakespeareCaesar
93.7%
Second book: 'The ________ of Secrets'Chamber
93.2%
The Very Hungry ________ by Eric CarleCaterpillar
92.8%
Shipwrecked character Robinson ________Crusoe
92.6%
'The Divine ________' by Dante AlighieriComedy
86.3%
Second book: '________ Fire'Catching
80.9%
Question Answer % Correct
'O ________, My ________ ' by Walt WhitmanCaptain
74.8%
'I, ________' by Robert GravesClaudius
57.5%
The youngest of King Lear's daughtersCordelia
55.9%
Mother of King JoffreyCersei Lannister
54.6%
Third book: The Titan's ________Curse
35.2%
An Elf, grandfather of ArwenCeleborn
15.7%
'________ the Mark' by Veronica RothCarve
8%
Remove Ads.
Support Sporcle.
Get the best of Sporcle when you Go Orange. This ad-free experience offers more features, more stats, and more fun while also helping to support Sporcle. Thank you for becoming a member.

You're not logged in!

Compare scores with friends on all Sporcle quizzes.
OR
Log In

Sporcle TV

Today on Sporcle TV


Watch our educational content, quiz creation guides, and fun videos on Sporcle TV.

Show Comments

Extras

Top Quizzes Today


Score Distribution

Paid Content

Your Account Isn't Verified!

In order to create a playlist on Sporcle, you need to verify the email address you used during registration. Go to your Sporcle Settings to finish the process.

Report this User

Report this user for behavior that violates our Community Guidelines.

Details: